000 00435nam a2200169Ia 4500
008 230711s9999||||xx |||||||||||||| ||und||
041 _aENG
082 _a624
_bSO-P
100 _aSosa,Francisco J.
245 0 _aParticulate air pollution : problems and solutions
250 _a1st Ed.
260 _c1994
_aNew Delhi
_bCRC Press Florida
300 _a101
650 _aCivil Engineering
700 _aFajardo,Publio l.
942 _cBK
999 _c3321
_d3321